Southville International School and Colleges
Your cart is empty.
  • Cart
  • Lists
    Public lists Eva Luna New books Lux_list list_1
    Your lists Log in to create your own lists
  • Log in to your account
  • Your cookies
  • Search history
Southville International School and Colleges
  • Advanced search
  • Recent comments
  • Most popular
  • Libraries

Log in to your account

Log in with GOOGLE


If you do not have an external account, but do have a local account, you can still log in:

  1. Home
  2. MARC view: Fiesta! Fiesta!
Normal view MARC view ISBD view

Fiesta! Fiesta! (Record no. 300640)

[ view plain ]
MARC details
000 -LEADER
fixed length control field 00735nam a2200241Ia 4500
008 - FIXED-LENGTH DATA ELEMENTS--GENERAL INFORMATION
fixed length control field 160819s9999 xx 000 0 und d
050 ## - LIBRARY OF CONGRESS CALL NUMBER
Classification number CUL TX 724.5
050 ## - LIBRARY OF CONGRESS CALL NUMBER
Item number .P5A44 2008
100 ## - MAIN ENTRY--PERSONAL NAME
Personal name Alejandro, Reynaldo G.
245 ## - TITLE STATEMENT
Title Fiesta! Fiesta!
245 ## - TITLE STATEMENT
Remainder of title festival foods of the Philippines /
245 ## - TITLE STATEMENT
Statement of responsibility, etc Reynaldo G. Alejadro, Millie Albano Reyes, Vecente Roman S. Santos.
260 ## - PUBLICATION, DISTRIBUTION, ETC. (IMPRINT)
Place of publication, distribution, etc Manila :
260 ## - PUBLICATION, DISTRIBUTION, ETC. (IMPRINT)
Name of publisher, distributor, etc KCC Innovation Inc.,
260 ## - PUBLICATION, DISTRIBUTION, ETC. (IMPRINT)
Date of publication, distribution, etc 2008
300 ## - PHYSICAL DESCRIPTION
Extent 199 pages :
300 ## - PHYSICAL DESCRIPTION
Other physical details color illustrations ;
300 ## - PHYSICAL DESCRIPTION
Dimensions 24 cm.
500 ## - GENERAL NOTE
General note Includes bibliographical references.
650 ## - SUBJECT ADDED ENTRY--TOPICAL TERM
Topical term or geographic name as entry element Cookery, Philippines.
650 ## - SUBJECT ADDED ENTRY--TOPICAL TERM
Topical term or geographic name as entry element Philippines -- Social life and customs.
650 ## - SUBJECT ADDED ENTRY--TOPICAL TERM
General subdivision Festivals -- Philippines.
Holdings
Withdrawn status Lost status Damaged status Home library Current library Shelving location Date acquired Total Checkouts Full call number Barcode Date last seen Price effective from Koha item type
      South Mansfield College South Mansfield College   07/10/2012   CUL TX 724.5 .P5A44 2008 SMC05764 08/19/2016 08/19/2016  

Fiesta! Fiesta!

APA

Alejandro R. G., .Fiesta! Fiesta!. Manila: .

Chicago

Alejandro Reynaldo G, .Fiesta! Fiesta!. Manila: .

Harvard

Alejandro R. G., .Fiesta! Fiesta!. Manila: .

MLA

Alejandro Reynaldo G, .Manila: . .

  • Place hold
  • Print
  • Cite
  • Add to your cart (remove)
  • Save record
    BIBTEX Dublin Core MARCXML MARC (non-Unicode/MARC-8) MARC (Unicode/UTF-8) MARC (Unicode/UTF-8, Standard) MODS (XML) RIS
  • More searches
    Search for this title in:
    Other Libraries (WorldCat) Other Databases (Google Scholar) Online Stores (Bookfinder.com) Open Library (openlibrary.org)

Exporting to Dublin Core...

SOUTHVILLE LIBRARY

Southville International School and Colleges Library

1281 Tropical Ave. Cor. Luxembourg St., BF Homes International, Las Pinas City

Tel. No. 8256374 / 252358 Loc. 117/146

Powered by Koha